| 000 | 00337nam a2200133Ia 4500 | ||
|---|---|---|---|
| 008 | 150202s9999 xx 000 0 und d | ||
| 020 | _a014034294X | ||
| 050 |
_aFIC _bFIC |
||
| 100 | _aDahl, Roald. | ||
| 245 |
_aMatilda / _cRoald Dahl. |
||
| 260 |
_aUSA : _bPuffin Books, _c1990. |
||
| 300 |
_a240 pages : _c18 cm. |
||
| 650 | _aFiction. | ||
| 999 |
_c281957 _d281957 |
||